[Event "RSA-ch U08"]
[Site "Gauteng"]
[Date "2017.04.11"]
[Round "11"]
[White "Jansen Van Vuuren, Christopher"]
[Black "Peter, Noah"]
[Result "0-1"]
[WhiteElo "675"]
[BlackElo "1048"]
[PlyCount "33"]
[EventDate "2017.04.05"]
[EventType "swiss"]
[EventRounds "11"]
[EventCountry "RSA"]
[SourceTitle "CBM 177 Extra"]
[Source "ChessBase"]
[SourceDate "2017.04.27"]
[SourceVersion "1"]
[SourceVersionDate "2017.04.27"]
[SourceQuality "1"]

1. e4 c5 2. Nf3 Nc6 3. Bc4 d6 4. d3 Nf6 5. Ng5 e6 6. Be3 g6 7. Nc3 Bg7 8. 0-0 0-0 9. Nf3 Qc7 10. Nb5 Qd8 11. Bg5 a6 12. Nc3 Qc7 13. Bf4 b5 14. Bb3 b4 15. Na4 e5 16. Bg5 Be6 17. Re1 0-1

[Event "RSA-ch U08"]
[Site "Gauteng"]
[Date "2017.04.10"]
[Round "10"]
[White "Jansen Van Vuuren, Christopher"]
[Black "Beyers, Rupert"]
[Result "1-0"]
[WhiteElo "675"]
[BlackElo "500"]
[PlyCount "31"]
[EventDate "2017.04.05"]
[EventType "swiss"]
[EventRounds "11"]
[EventCountry "RSA"]
[SourceTitle "CBM 177 Extra"]
[Source "ChessBase"]
[SourceDate "2017.04.27"]
[SourceVersion "1"]
[SourceVersionDate "2017.04.27"]
[SourceQuality "1"]

1. e4 e6 2. d4 d6 3. Nf3 Nc6 4. Bg5 f6 5. Bh4 Qd7 6. Bb5 Qd8 7. Nc3 d5 8. e5 g5 9. Bg3 h6 10. h4 g4 11. Nh2 h5 12. Qd3 a6 13. Qg6+ Ke7 14. exf6+ Nxf6 15. 0-0-0 Bh6+ 16. Kb1 1-0

[Event "RSA-ch U08"]
[Site "Gauteng"]
[Date "2017.04.07"]
[Round "4"]
[White "Jansen Van Vuuren, Christopher"]
[Black "Jacobs, Jancu"]
[Result "1-0"]
[WhiteElo "675"]
[BlackElo "626"]
[PlyCount "51"]
[EventDate "2017.04.05"]
[EventType "swiss"]
[EventRounds "11"]
[EventCountry "RSA"]
[SourceTitle "CBM 177 Extra"]
[Source "ChessBase"]
[SourceDate "2017.04.27"]
[SourceVersion "1"]
[SourceVersionDate "2017.04.27"]
[SourceQuality "1"]

1. e4 e6 2. d4 Bb4+ 3. Nc3 Nc6 4. Nf3 Nf6 5. Bg5 h6 6. Bh4 Qe7 7. a3 Bd6 8. e5 Bxe5 9. dxe5 Ng4 10. Bxe7 Nxe7 11. Nb5 Kd8 12. Nbd4 Ng6 13. Bb5 N6xe5 14. Nxe5 Nxe5 15. 0-0 a6 16. Ba4 Re8 17. Re1 g5 18. Rxe5 f6 19. Nxe6+ Ke7 20. Nxc7+ Kf8 21. Rxe8+ Kf7 22. Nxa8 Kxe8 23. Qe1+ Kd8 24. Qe2 f5 25. Re1 f4 26. Qe8# 1-0